000 00571nam a2200157Ia 4500
008 090124s9999 xx 000 0 und d
082 _b8053
_a618
245 _a श्रीगणेशोत्सवाची साठ वर्षे
250 _a1
260 _c1953
300 _a596
630 _a श्रीगणेशोत्सवाची साठ वर्षे
700 _aकरंदीकर जर्नादन सखाराम
730 _a श्रीगणेशोत्सवाची साठ वर्षे
942 _cBOOK
999 _c121994
_d121994